Migration documentary films in post-war Australia /

Bibliographic Details
Main Author: Kuo, Liangwen
Format: Book
Language:English
Published: Amherst, N.Y. : Cambria Press, [2010]
Subjects:

MARC

Tag First Indicator Second Indicator Subfields
LEADER 00000cam a2200000 a 4500
001 in00002554841
005 20151201151531.0
008 100126s2010 nyua b 001 0 eng
010 |a  2010001444 
020 |a 9781604976878 (alk. paper) 
020 |a 160497687X (alk. paper) 
029 1 |a AU@  |b 000045263895 
035 |a (OCoLC)ocn502452113 
035 |a (OCoLC)502452113 
040 |a DLC  |c DLC  |d YDX  |d BWX  |d YDXCP  |d UtOrBLW 
043 |a u-at--- 
049 |a TXAM 
050 0 0 |a PN1995.9.D6  |b K86 2010 
082 0 0 |a 791.43/6552  |2 22 
100 1 |a Kuo, Liangwen. 
245 1 0 |a Migration documentary films in post-war Australia /  |c Liangwen Kuo. 
264 1 |a Amherst, N.Y. :  |b Cambria Press,  |c [2010] 
264 4 |c ©2010 
300 |a xvi, 308 pages :  |b illustrations ;  |c 24 cm. 
336 |a text  |b txt  |2 rdacontent 
337 |a unmediated  |b n  |2 rdamedia 
338 |a volume  |b nc  |2 rdacarrier 
504 |a Includes bibliographical references and index. 
505 0 |a In search of identities -- Mobilising the documentaries and other media -- Narrating the nation -- Modernity in case study films -- Identity and liberty in case study films -- Nation-building publicity : Australia at school -- National identity and documentary discourse revisited. 
650 0 |a Documentary films  |z Australia  |x History and criticism. 
650 0 |a Emigration and immigration in motion pictures. 
651 0 |a Australia  |x In motion pictures. 
938 |a Blackwell Book Service  |b BBUS  |n R0847065  |c $114.99 
938 |a YBP Library Services  |b YANK  |n 3160095 
945 |a PromptCat  |b 999305 
946 |a stk 
947 |a A14840237416 
994 |a 92  |b TXA 
948 |a Cataloged  |b h  |c 2010/6/15  |d c  |e ibarton 
999 |a MARS 
999 f f |s 2584ca5b-11d0-3025-bdfd-142c51708e14  |i 0e15fa58-1169-31ce-828c-0810eda99eaa  |t 0 
952 f f |p ric  |a Texas A&M University  |b Rellis Campus  |c Joint Library Facility  |d Remote Storage  |t 0  |e PN1995.9.D6 K86 2010  |h Library of Congress classification  |i unmediated -- volume  |m A14840237416 
998 f f |a PN1995.9.D6 K86 2010  |t 0  |l Remote Storage